|
|
|
|
| LEADER |
01040nam a22002171a 4500 |
| 999 |
|
|
|c 12203
|d 12203
|
| 020 |
|
|
|a 8126016361
|
| 082 |
|
|
|a M 894.812 092
|b SRE/E
|
| 100 |
|
|
|a Sreedhara Menon A
|
| 245 |
|
|
|a Elamkulam Kunjan Pillai/
|c by Sreedhara Menon A
|
| 260 |
|
|
|a New Delhi:
|b Sahitya Akademi,
|c 2003
|
| 300 |
|
|
|a 108p.
|
| 650 |
|
|
|a Biography Elamkulam Kunjan Pillai
|
| 650 |
|
|
|a Literature Elamkulam Kunjan Pillai Study
|
| 650 |
|
|
|a Literature Malayalam
|
| 650 |
|
|
|a Literature
|
| 700 |
|
|
|a Kumaran Nair K (tr.)
|
| 942 |
|
|
|c BK
|
| 952 |
|
|
|0 0
|1 0
|4 0
|6 M_894_812000000000000_092_SRE_E
|7 0
|9 17708
|a SSUS
|b SSUS
|d 2015-01-08
|g 25.00
|l 1
|o M 894.812 092 SRE/E
|p 068911
|r 2018-12-05
|s 2018-11-07
|v 0.00
|w 2015-01-08
|y BK
|
| 952 |
|
|
|0 0
|1 0
|4 0
|6 M_894_812000000000000_092_SRE_E
|7 0
|9 17709
|a SSUS
|b SSUS
|d 2015-01-08
|g 25.00
|l 2
|m 1
|o M 894.812 092 SRE/E
|p 068912
|r 2020-02-25
|s 2019-11-06
|v 0.00
|w 2015-01-08
|y BK
|
| 952 |
|
|
|0 0
|1 0
|2 ddc
|4 0
|6 M_894_812000000000000_092_SRE_E
|7 0
|9 104010
|a SSUS
|b SSUS
|c STACKS
|d 2020-11-05
|g 25.00
|o M 894.812 092 SRE/E
|p 100899
|r 2020-11-05
|w 2020-11-05
|y BK
|